000 02004nam a2200445Ia 4500
001 ebr10614676
003 CaPaEBR
006 m o u
007 cr cn|||||||||
008 140109s2002 lauab sb s001 0deng
010 _z 2001007676
020 _z0807127523 (cloth : alk. paper)
020 _z9780807127520 (cloth : alk. paper)
020 _z9780807131619
020 _z9780807152355
040 _aCaPaEBR
_cCaPaEBR
035 _a(OCoLC)820840182
043 _an-usu--
_an-us-va
_an-us---
050 1 4 _aE467.1.A8
_bA75 2002eb
100 1 _aAnderson, Paul Christopher.
245 1 0 _aBlood image
_h[electronic resource] :
_bTurner Ashby in the Civil War and the southern mind /
_cPaul Christopher Anderson.
260 _aBaton Rouge :
_bLouisiana State University Press,
_cc2002.
300 _axxii, 258 p. :
_bill., map.
490 0 _aConflicting worlds
504 _aIncludes bibliographical references (p. [235]-250) and index.
533 _aElectronic reproduction.
_bPalo Alto, Calif. :
_cebrary,
_d2014.
_nAvailable via World Wide Web.
_nAccess may be limited to ebrary affiliated libraries.
600 1 0 _aAshby, Turner,
_d1828-1862
_xInfluence.
600 1 0 _aAshby, Turner,
_d1828-1862
_xMilitary leadership.
600 1 0 _aAshby, Turner,
_d1828-1862
_xPublic opinion.
610 1 0 _aConfederate States of America.
_bArmy
_vBiography.
650 0 _aGenerals
_zConfederate States of America
_vBiography.
650 0 _aPublic opinion
_zSouthern States.
650 0 _aPublic opinion
_zVirginia.
651 0 _aShenandoah River Valley (Va. and W. Va.)
_xHistory
_yCivil War, 1861-1865
_xCavalry operations.
651 0 _aUnited States
_xHistory
_yCivil War, 1861-1865
_xCavalry operations.
651 0 _aUnited States
_xHistory
_yCivil War, 1861-1865
_xPsychological aspects.
655 7 _aElectronic books.
_2local
710 2 _aebrary, Inc.
856 4 0 _uhttp://site.ebrary.com/lib/rucke/Doc?id=10614676
_zAn electronic book accessible through the World Wide Web; click to view
999 _c100249
_d100249